000 00722nam a2200241Ia 4500
003 OSt
005 20220925233718.0
006 a|||||r|||| 00| 0
007 ta
008 220923b |||||||| |||| 00| 0 eng d
020 _a8170411297
037 _cGeneral Book
040 _aRTL
_cRTL
_beng
041 _2eng
_aeng
082 _aX 9 (E:898).2.N8, M9
100 _aSushil
_9299297
245 0 _aSystems approach to national planning
_b A study in
260 _a New Delhi
_bAnmol Publications
_c1989
300 _axii, 356p. Bibliography P 298-325p, Appendix P 327-50
_ccm.
650 _aElectrical
942 _hX 9 (E:898).2.N8, M9
_cGB
_2CC
999 _c594398
_d594398